Sembahyang

Bibliographic Details
Main Author: Ab. Aziz Mohd. Zin
Format: Book
Published: Kuala Lumpur : DBP , 1994
Series:Siri pengenalan Islam buku 6
Subjects:

MARC

LEADER 00000cam a2200000 7i4500
001 0000003534
002 000003804
005 20000330.0
020 |a 9836235469 
090 0 0 |a J 297   |b ABA 
100 1 |a Ab. Aziz Mohd. Zin 
245 1 0 |a Sembahyang   |c Ab.Aziz Mohd Zin 
260 |a Kuala Lumpur :   |b DBP ,   |c 1994 
300 |a 29p. :   |b ill ;   |c 24cm. 
490 0 |a Siri pengenalan Islam buku 6 
650 0 0 |a Prayer   |x Islam   |x Juvenile literature 
999 |a 036996   |b BUKU   |c PINJAMAN   |e PERPUSTAKAAN KOMUNITI PETALING JAYA